Bons sonhos (Registo nº 5981)
[ vista simples ]
| 000 -Etiqueta do registo | |
|---|---|
| Valores | 01181cam a2200265 4500 |
| 010 ## - Número ISBN | |
| ISBN | 972553297X |
| 021 ## - Número do Depósito Legal | |
| Número | 142829/99 |
| 100 ## - Dados gerais de processamento | |
| Dados gerais | 20211131g1999 bc|y0pory5003 ba |
| 200 1# - Titulo e menção de responsabilidade | |
| Título próprio | Bons sonhos |
| Primeira menção de responsabilidade | Ronald Kidd |
| Outras menções de responsabilidade | il. Arkadia Illustration, trad. Paulo Emílio Pires |
| 210 #9 - Publicação | |
| Local de publicação | [Cacém] |
| Nome do editor | Verbo |
| Data de publicação | 1999 |
| 215 ## - Descrição física | |
| Paginação / Volumes | 48 |
| Outras indicações físicas | il. |
| 225 2# - Colecção | |
| Título próprio da colecção | As Aventuras do Ursinho Winnie |
| Indicação de volume | 9 |
| 330 ## - Sumário ou Resumo | |
| Texto da nota | Em casa do Winnie os potes de mel estão vazios. E ele sabe que para voltar a enchê-los de mel tem de trepar à árvore do mel. Com a ajuda do Piglet correm atrás de umas abelhinhas que encontram até que vão parar ao quintal do Coelho. Este, conta-lhes como as abelhas fabricam o mel. Mas o que o Winnie quer é mel e deita-se debaixo de uma árvore a pensar como arranjá-lo para o lanche e adormece a sonhar com o mel... |
| 606 ## - Nome comum usado como assunto | |
| ID Autoridade | 14 |
| Palavra de ordem | Literatura infantil |
| 606 ## - Nome comum usado como assunto | |
| ID Autoridade | 13 |
| Palavra de ordem | Literatura Estrangeira |
| 675 ## - CDU | |
| Notação | 82-93 |
| Edição | BN |
| Língua | por |
| 675 ## - CDU | |
| Notação | 821.1/.8 |
| Edição | BN |
| Língua | por |
| 700 ## - Autor principal (pessoa individual) | |
| ID Autoridade | 5656 |
| Apelido | Kidd |
| Nome | Ronald |
| 702 ## - Autor secundário (pessoa individual) | |
| Apelido | Pires |
| Nome | Paulo Emílio |
| ID Autoridade | 4938 |
| 712 ## - Autor secundário (colectividade) | |
| Nome da entidade | Arkadia Illustration |
| ID Autoridade | 5659 |
| 801 #0 - Fonte de origem | |
| País | PT |
| Agência | BMVN |
| Regras de catalogação | RPC |
| 830 ## - Notas gerais do catalogador | |
| Criado por | Ana Caetano |
| Data de criação | 31/12/2021 |
| 990 ## - Elementos KOHA | |
| Tipo de documento | Livro |
| Situação do levantamento | Biblioteca de origem | Código de barras | Cota | Permissão de empréstimo | Tipo de documento | Forma de aquisição |
|---|---|---|---|---|---|---|
| Biblioteca Municipal de Vendas Novas | 100000023499 | LI EST/KID | Livro |